书目信息 |
| 题名: |
无规与有序
|
|
| 作者: | 钱人元 主编 | |
| 分册: | ||
| 出版信息: | 长沙 湖南科学技术出版社 2000 |
|
| 页数: | 159页 | |
| 开本: | 20cm | |
| 丛书名: | 攀登计划普及丛书 | |
| 单 册: | ||
| 中图分类: | O469 | |
| 科图分类: | ||
| 主题词: | 凝聚态物理学 | |
| 电子资源: | ||
| ISBN: | 7-5357-2523-6 | |
| 000 | 00782nam0 2200241 450 | |
| 001 | 0561220953 | |
| 005 | 20050927170755.29 | |
| 010 | @a7-5357-2523-6@dCNY14.00 | |
| 100 | @a20050927d2000 km y0chiy0120 ea | |
| 101 | 0 | @achi |
| 102 | @aCN@b430000 | |
| 105 | @a a z 000yy | |
| 200 | 1 | @a无规与有序@Awu gui yu you xu@e高分子凝聚态的基本物理问题研究@f钱人元主编@Fqian ren yuan zhu bian |
| 210 | @a长沙@c湖南科学技术出版社@d2000 | |
| 215 | @a159页@c图@d20cm | |
| 225 | 2 | @a攀登计划普及丛书@hⅡ |
| 410 | 0 | @12001 @a攀登计划普及丛书 |
| 517 | 1 | @a高分子凝聚态的基本物理问题研究@Agao fen zi ning ju tai de ji ben wu li wen ti yan jiu |
| 606 | 0 | @a凝聚态物理学 |
| 690 | @aO469@v4 | |
| 701 | 0 | @a钱人元@Aqian ren yuan@4主编 |
| 801 | 0 | @aCN@bPFT@c20050927 |
| 905 | @a10447@dO469@e9 | |
| 无规与有序:高分子凝聚态的基本物理问题研究/钱人元主编.-长沙:湖南科学技术出版社,2000 |
| 159页:图;20cm.-(攀登计划普及丛书.Ⅱ) |
| ISBN 7-5357-2523-6:CNY14.00 |
| ● |
| 相关链接 |
|
|
|
|
正题名:无规与有序
索取号:O469/9
 
预约/预借
| 序号 | 登录号 | 条形码 | 馆藏地/架位号 | 状态 | 备注 |
| 1 | 0363892 | 203638929 | 第二样本阅览室/ [索取号:O469/9] | 在馆 | |
| 2 | 0363893 | 203638938 | 第三借阅区/ [索取号:O469/9] | 在馆 | |
| 3 | 0363894 | 203638947 | 第三借阅区/ [索取号:O469/9] | 在馆 | |
| 4 | 0363895 | 203638956 | 第三借阅区/ [索取号:O469/9] | 在馆 | |
| 5 | 0363896 | 203638965 | 第三借阅区/ [索取号:O469/9] | 在馆 |